Nazwy pociągów PKP IC na stacji Gdańsk Główny - Statystyki

Ogólne statystyki
  • Ten quiz został rozwiązany 157 razy
  • Średni wynik to 17 z 45
Statystyki odpowiedzi
Hint Odpowiedź % Poprawnych
IC Pobrzeże
57%
IC Artus
56%
TLK Małopolska
54%
TLK Rozewie
53%
TLK Biebrza
48%
IC Bałtyk
47%
IC Gedania
47%
TLK Lubomirski
47%
IC Sobieski
47%
IC Heweliusz
46%
EIC Jantar
46%
IC Mieszko
46%
TLK Karpaty
45%
TLK Ustronie
45%
IC Bachus
44%
TLK Flisak
44%
TLK Bory Tucholskie
43%
IC Hutnik
43%
IC Pomorzanin
43%
IC Rybak
43%
IC Wybrzeże
43%
IC Gryf
42%
IC Albatros
39%
IC Bryza
37%
TLK Doker
37%
IC Kociewie
36%
TLK Wydmy
35%
IC Stoczniowiec
34%
IC Żuławy
34%
EIC Posejdon
33%
IC Stańczyk
33%
IC Witkacy
33%
TLK Mierzeja
31%
IC Piast
31%
TLK Korsarz
30%
EIC Fregata
27%
TLK Delfin
25%
EIC Kaszub
25%
IC Lednica
25%
IC Słowiniec
23%
IC Parsęta
20%
IC Słupia
18%
IC Laguna
14%
IC Lazur
14%
IC Niegocin
7%
Nie znaleziono quizów pasujących do podanych kryteriów
Rozkład punktacji
Procent ludzi z każdym wynikiem
Percentyl według liczby udzielonych odpowiedzi
Twoja historia wyników
Nie rozwiązałeś tego quizu